Google AdWords. La guía completa. Optimice sus campañas para obtener más ingresos.

Guardat en:
Dades bibliogràfiques
Autor principal: Caumont, Stéphanie (autora)
Altres autors: Kandjian, Francis (autor), Talazac, Fabrice (autor)
Format: Llibre
Idioma:espanyol
Publicat: Madrid, España: Ediciones ENI, 2013.
Col·lecció:Objetivo. WEB
Matèries:
Etiquetes: Afegir etiqueta
Sense etiquetes, Sigues el primer a etiquetar aquest registre!

MARC

LEADER 00000nam a22000007a 4500
003 CL-VaPUC
005 20250407202456.0
008 250319t2013 ||||| |||| 00| 0 spa d
999 |c 447495  |d 447493 
020 |a 978-2-7460-7930-4 
040 |c Pontificia Universidad Católica de Valparaíso 
082 |2 22  |a 659.144 CAU 2013 
100 |a Caumont, Stéphanie  |e autora  |9 897226 
245 |a Google AdWords.  |b La guía completa. Optimice sus campañas para obtener más ingresos.  
260 |a Madrid, España:  |b Ediciones ENI,   |c 2013. 
300 |a 265 páginas:  |b ilustraciones. 
490 |a Objetivo. WEB 
500 |a c.1: Instituto Arcos. 08-01-2025 
583 |c 20250319  |k GC 
650 |a Marketing web  |9 897223 
650 |a Publicidad en internet.  |9 897227 
700 |a Kandjian, Francis  |e autor  |9 897228 
700 |a Talazac, Fabrice   |e autor  |9 897229 
942 |2 ddc  |c BK  |n 0 
952 |0 0  |1 0  |2 ddc  |4 0  |6 659_144000000000000_CAU_2013  |7 0  |8 A  |9 601600  |a BIBINC  |b BIBINC  |d 2025-03-19  |e Instituto Arcos   |i 5666475  |o 659.144 CAU 2013  |p 5666475  |r 2025-03-19  |t 1  |w 2025-03-19  |y BK  |k IFP